00882nam a2200217 a 450000100060000000300080000600500170001400800410003103500190007204000350009104100080012608200240013410000230015824501750018126000790035630000400043550200870047550400340056265000330059670000350062984501BD-RjUL20241210110320.0241210s2022 bg a|||| m||| 00| 0 eng d a(BD-RjUL)84501 aBD-RjULbengcBD-RjULdBD-RjUL aeng a365.6223bISC 2022 aIslam, Md. Rahidul10aCommunity-Based Adaptation Strategies in Combating Post-Flood Situation :bA Study on Northern Part of Bangladesh /cBy Md. Rahidul Islam ;6Supervisor : Md. Fakrul Islam aRajshahi : bIntitute of Bangladesh Studies, University of Rajshahi,c2022 axviii, 171 Leaves :bill, ;c29 cm. aThesis (M. Phil.) -- Institute of Bangladesh Studies, University of Rajshahi, 2022 aBibliography : Leaves 147-154 aCommunity-BasedvSituation : aIslam, Md. Fakrul, Supervisor